Sports Quiz

Random Sports or MLB Quiz

300 Home Runs in a Decade Quiz Stats

 Plays Quiz Updated Feb 12, 2020

Support Sporcle.
Go Orange.
Score 0/39 Timer 08:00
0 Plays Today
Decade Player % Correct
1920sBabe Ruth
95.2%
2000sBarry Bonds
92%
1990sBarry Bonds
92%
2000sAlex Rodriguez
89.9%
1990sSammy Sosa
88.5%
1990sMark McGwire
88.2%
2000sAlbert Pujols
83%
1960sHank Aaron
81.2%
1990sKen Griffey, Jr.
80.2%
1960sWillie Mays
77.5%
1990sMatt Williams
72.8%
1930sLou Gehrig
72.1%
2000sJim Thome
71.8%
2000sDavid Ortiz
70.1%
2000sManny Ramírez
69.7%
1980sMike Schmidt
67.1%
1990sFrank Thomas
66.3%
1930sJimmie Foxx
62.4%
2000sAndruw Jones
57.7%
1960sHarmon Killebrew
56.3%
Decade Player % Correct
1990sJosé Canseco
56.1%
1990sJuan González
56.1%
1990sRafael Palmeiro
54.4%
1960sFrank Robinson
53.6%
1930sMel Ott
49.8%
1960sWillie McCovey
47.9%
2010sGiancarlo Stanton
46%
1990sAlbert Belle
43%
2000sAdam Dunn
42.9%
2000sJason Giambi
41.4%
2010sNelson Cruz
38.7%
2000sCarlos Delgado
37.9%
1980sDale Murphy
36.9%
2000sVladimir Guerrero
36.7%
1950sDuke Snider
36.2%
2010sEdwin Encarnación
35.8%
1990sFred McGriff
35.6%
2000sLance Berkman
31.4%
1950sGil Hodges
18.8%

You're not logged in!

Compare scores with friends on all Sporcle quizzes.
OR
Log In
Forgot?

From the Vault

Who Wrote It? 21st Century Best-Selling Fiction

by LisaSimpsonOH

Fun fact: Half of these books were actually typed out on a Blackberry.
Remove Ads.
Support Sporcle.
Get the best of Sporcle when you Go Orange. This ad-free experience offers more features, more stats, and more fun while also helping to support Sporcle. Thank you for becoming a member.

Show Comments

Extras

Top Quizzes Today


Score Distribution

Your Account Isn't Verified!

In order to create a playlist on Sporcle, you need to verify the email address you used during registration. Go to your Sporcle Settings to finish the process.

Report this User

Report this user for behavior that violates our Community Guidelines.

Details: